| 000 -LEADER |
| fixed length control field |
00442 a2200181 4500 |
| 003 - CONTROL NUMBER IDENTIFIER |
| control field |
OSt |
| 005 - DATE AND TIME OF LATEST TRANSACTION |
| control field |
20240130181349.0 |
| 008 - FIXED-LENGTH DATA ELEMENTS--GENERAL INFORMATION |
| fixed length control field |
240130b ||||| |||| 00| 0 eng d |
| 020 ## - INTERNATIONAL STANDARD BOOK NUMBER |
| International Standard Book Number |
9789355789037 |
| 040 ## - CATALOGING SOURCE |
| Original cataloging agency |
BMSCA |
| 041 ## - LANGUAGE CODE |
| Language code of text/sound track or separate title |
eng |
| 082 ## - DEWEY DECIMAL CLASSIFICATION NUMBER |
| Classification number |
720.954 |
| Item number |
LFT |
| 100 ## - MAIN ENTRY--PERSONAL NAME |
| Personal name |
Chishti, Iftikhar-mulk |
| 245 ## - TITLE STATEMENT |
| Title |
DXD@10 : |
| Remainder of title |
whither design India |
| 250 ## - EDITION STATEMENT |
| Edition statement |
1 Ed. |
| 260 ## - PUBLICATION, DISTRIBUTION, ETC. (IMPRINT) |
| Name of publisher, distributor, etc |
Iftikhar-mulk Chishti Design X Design |
| Date of publication, distribution, etc |
2020 |
| 942 ## - ADDED ENTRY ELEMENTS (KOHA) |
| Source of classification or shelving scheme |
|